[Event "ch-CHN Women 2021"]
[Site "Xinghua CHN"]
[Date "2021.05.07"]
[Round "1.1"]
[White "Yuan, Ye"]
[Black "Gu, Tianlu"]
[Result "1/2-1/2"]
[BlackTitle "WIM"]
[WhiteElo "2081"]
[BlackElo "2267"]
[WhiteFideId "8608415"]
[BlackFideId "8603995"]
[EventDate "2021.05.07"]

1. d4 Nf6 2. Nf3 d5 3. c4 dxc4 4. e3 e6 5. Bxc4 c5 6. O-O Nc6 7. dxc5 Qxd1 8.
Rxd1 Bxc5 9. Nc3 O-O 10. a3 b6 11. b4 Be7 12. Bb2 Bb7 13. Rac1 Rfd8 14. Bb3
Rxd1+ 15. Rxd1 Rd8 16. Rxd8+ Nxd8 17. h3 Kf8 18. Nb5 a6 19. Nbd4 Nc6 20. Nxc6
Bxc6 21. Bd4 Nd7 22. Kf1 Bd6 23. Ke2 a5 24. Bc3 axb4 25. Bxb4 Bxb4 26. axb4 Ke7
27. Ne1 Bb5+ 28. Kd2 Ne5 29. f4 Nc6 30. Kc3 Kd6 31. Bc4 Na7 32. Nc2 Bxc4 33.
Kxc4 b5+ 34. Kd3 Nc6 35. g3 Kc7 36. Kc3 Kd6 37. Kd3 Kc7 38. Kc3 Kd6 39. Kd3 1/2-1/2

[Event "ch-CHN Women 2021"]
[Site "Xinghua CHN"]
[Date "2021.05.07"]
[Round "1.2"]
[White "Ren, Xiaoyi"]
[Black "Zhai, Mo"]
[Result "0-1"]
[WhiteTitle "WIM"]
[BlackTitle "WGM"]
[WhiteElo "2267"]
[BlackElo "2366"]
[WhiteFideId "8608709"]
[BlackFideId "8600201"]
[EventDate "2021.05.07"]

1. c4 Nf6 2. Nc3 c5 3. g3 Nc6 4. Bg2 g6 5. b3 Bg7 6. Bb2 d6 7. Nf3 Bg4 8. h3 Bd7
9. g4 h5 10. g5 Nh7 11. d3 Nf8 12. Qd2 Qa5 13. Nh4 Ne6 14. Rc1 Nxg5 15. Nxg6
fxg6 16. Qxg5 O-O-O 17. Qd2 Rdf8 18. e3 g5 19. Ba1 Ne5 20. b4 Qxb4 21. Rb1 Nf3+
22. Bxf3 Bxc3 23. Bxc3 Qxb1+ 24. Ke2 Qb6 25. Bxh8 Rxh8 26. Qc2 Bc6 27. Bd5 Qc7
28. Rg1 Bxd5 29. cxd5 Qd7 30. Rxg5 Qxh3 31. Qa4 Kb8 32. Rg7 Rf8 33. Qe4 Qh2 34.
Rg2 Qe5 35. Qxe5 dxe5 36. Rg5 Rh8 37. Rxe5 h4 38. Kf1 h3 39. Kg1 h2+ 40. Kh1 Rh7
41. e4 Kc7 42. Rf5 Kd6 43. Rf8 b5 44. Rb8 b4 45. f4 Rh3 46. Rc8 Rxd3 47. e5+
Kxd5 48. Kxh2 Ra3 49. Rc7 e6 50. Kg2 c4 51. Kf2 Rxa2+ 52. Ke3 Ra3+ 53. Kd2 a5
54. Kc2 Ra2+ 55. Kb1 b3 0-1

[Event "ch-CHN Women 2021"]
[Site "Xinghua CHN"]
[Date "2021.05.07"]
[Round "1.3"]
[White "Zhu, Jiner"]
[Black "Xiao, Yiyi"]
[Result "1-0"]
[WhiteTitle "WGM"]
[BlackTitle "WGM"]
[WhiteElo "2459"]
[BlackElo "2301"]
[WhiteFideId "8608059"]
[BlackFideId "8606161"]
[EventDate "2021.05.07"]

1. e4 c6 2. d4 d5 3. e5 Bf5 4. Nf3 e6 5. Be2 Bb4+ 6. Nbd2 Nd7 7. O-O Ba5 8. a4
Ne7 9. Nb3 Bc7 10. a5 O-O 11. Bd2 f6 12. exf6 Nxf6 13. Bb4 Ng6 14. Bxf8 Qxf8 15.
Nc5 Nf4 16. Nd3 Nxd3 17. Bxd3 Ne4 18. Ne5 Qb4 19. g4 Bxe5 20. dxe5 Bg6 21. f3
Nc5 22. Bxg6 hxg6 23. b3 Rf8 24. Qe1 Qf4 25. Kg2 a6 26. Qe2 Rf7 27. h4 Nd7 28.
Rf2 Nc5 29. Re1 Nd7 30. Qd2 c5 31. c3 Nb8 32. Qxf4 Rxf4 33. Kg3 Rf7 34. Rb2 Nc6
35. b4 cxb4 36. cxb4 Nd4 37. Re3 Rc7 38. f4 Kf7 39. Rd3 Rc4 40. h5 gxh5 41. gxh5
Kg8 42. Kg4 Kh7 43. Kg5 Nf5 44. b5 Rc1 45. Kg4 Rg1+ 46. Kh3 Rf1 47. bxa6 bxa6
48. Rb6 Rxf4 49. Rxe6 d4 50. Rxa6 Re4 51. e6 Kh6 52. Rb6 Kxh5 53. a6 g5 54. Kg2
Re2+ 55. Kf3 Ra2 56. Ke4 Ra5 57. Rxd4 Nxd4 58. e7 1-0

[Event "ch-CHN Women 2021"]
[Site "Xinghua CHN"]
[Date "2021.05.07"]
[Round "1.4"]
[White "Wang, Yu A."]
[Black "Tan, Zhongyi"]
[Result "1/2-1/2"]
[WhiteTitle "IM"]
[BlackTitle "GM"]
[WhiteElo "2294"]
[BlackElo "2510"]
[WhiteFideId "8601097"]
[BlackFideId "8603642"]
[EventDate "2021.05.07"]

1. e4 c6 2. Nf3 d5 3. exd5 cxd5 4. Ne5 Nc6 5. Bb5 Bd7 6. Bxc6 Bxc6 7. Qh5 g6 8.
Qf3 Nf6 9. g4 d4 10. Nxc6 bxc6 11. Qxc6+ Nd7 12. d3 Bg7 13. Na3 O-O 14. Bd2 Rc8
15. Qg2 Qb6 16. b3 Qe6+ 17. Qe4 Qxe4+ 18. dxe4 d3 19. O-O-O Nc5 20. Be3 dxc2 21.
Rd2 Nxe4 22. Rxc2 Rxc2+ 23. Kxc2 Nc3 24. Nc4 Nxa2 25. Bc5 Nc3 26. Bxe7 Rc8 27.
Ra1 Nb5 28. Ra6 Nd4+ 29. Kd3 Nxb3 30. Rxa7 h5 31. Nd6 Rc3+ 32. Ke4 Nd2+ 33. Kd5
Rd3+ 34. Kc6 Rf3 35. gxh5 gxh5 36. Bg5 Nb3 37. Be3 Nd4+ 38. Kd5 Nc2 39. Ke4 Rf6
40. Ra8+ Kh7 41. Bc5 Ne1 42. f4 Re6+ 43. Kd5 Ng2 44. Nxf7 Nxf4+ 45. Kc4 Re4+ 46.
Kb5 Ne6 47. Bd6 Kg6 48. Nd8 Nd4+ 49. Kc5 Re8 50. Ra6 Kf5 51. Nc6 Ne6+ 52. Kd5
Nf4+ 53. Bxf4 Kxf4 54. Ra4+ Kf3 55. Rh4 Rh8 56. Ne5+ Kg2 57. Ng6 Bf6 58. Nf4+
Kf3 59. Rxh5 1/2-1/2

[Event "ch-CHN Women 2021"]
[Site "Xinghua CHN"]
[Date "2021.05.07"]
[Round "1.5"]
[White "Ning, Kaiyu"]
[Black "Song, Yuxin"]
[Result "1-0"]
[WhiteTitle "WIM"]
[BlackTitle "WIM"]
[WhiteElo "2327"]
[BlackElo "2290"]
[WhiteFideId "8614750"]
[BlackFideId "8614300"]
[EventDate "2021.05.07"]

1. d4 Nf6 2. c4 e6 3. Nf3 d5 4. Nc3 dxc4 5. e4 Bb4 6. Bg5 c5 7. Bxc4 cxd4 8.
Nxd4 Bxc3+ 9. bxc3 Qa5 10. Bb5+ Bd7 11. Bxf6 gxf6 12. Qb3 O-O 13. O-O Qb6 14.
Qc4 Bxb5 15. Nxb5 Nd7 16. Qd3 Rad8 17. Rab1 Kh8 18. Qg3 Rg8 19. Qf4 e5 20. Qf3
a6 21. Nd4 Qc7 22. Nf5 Nc5 23. Rfd1 Rxd1+ 24. Rxd1 Rd8 25. Rd5 Qb6 26. h4 Rxd5
27. Qg4 Rd1+ 28. Kh2 Ne6 29. Nh6 Ng7 30. Qc8+ Rd8 31. Nxf7+ Kg8 32. Nxd8 h5 33.
Nc6+ Kf7 34. Qd7+ Kg8 35. Ne7+ Kf8 36. Nd5 Qe6 37. Qxb7 f5 38. Qb8+ Kf7 39. Qc7+
Kf8 40. Nb6 fxe4 41. Nd7+ Kg8 42. Qb8+ Kf7 43. Nxe5+ Ke7 44. Qb7+ Kf6 45. Nd7+
Kf5 46. Qc7 Qxa2 47. Qe5+ Kg6 48. Qg5+ Kf7 49. Qf6+ Kg8 50. Qd8+ Kh7 51. Nf8+
Kg8 52. Ne6+ Kh7 53. Ng5+ Kg6 54. Qd6+ Kf5 55. Qd4 Ne6 56. Qxe4+ Kf6 57. Qf3+
Ke7 58. Qb7+ Kf6 59. Qf7+ Ke5 60. f4+ Kd6 61. f5 1-0

[Event "ch-CHN Women 2021"]
[Site "Xinghua CHN"]
[Date "2021.05.07"]
[Round "1.6"]
[White "Li, Xueyi"]
[Black "Gu, Xiaobing"]
[Result "1/2-1/2"]
[WhiteTitle "WGM"]
[BlackTitle "WGM"]
[WhiteElo "2328"]
[BlackElo "2263"]
[WhiteFideId "8605912"]
[BlackFideId "8602611"]
[EventDate "2021.05.07"]

1. d4 Nf6 2. Nf3 e6 3. g3 d5 4. Bg2 b5 5. O-O Be7 6. a4 b4 7. c4 bxc3 8. Nxc3
O-O 9. Bf4 Na6 10. Rc1 c5 11. Nb5 Bb7 12. Ne5 Ne4 13. Bxe4 dxe4 14. dxc5 Nxc5
15. b4 Na6 16. Nd7 Re8 17. Nc7 e5 18. Bxe5 Bg5 19. Nxe8 Qxe8 20. Rc4 Bc8 21.
Rxc8 Rxc8 22. Ba1 Nc7 23. Nc5 Rd8 24. Qc2 e3 25. f4 Bh6 26. Rd1 Rd5 27. Rxd5
Nxd5 28. Qe4 Qxe4 29. Nxe4 Nxb4 30. Bd4 a5 31. Bxe3 g6 32. Nc5 Bg7 33. Nb3 Nd5
34. Bd2 Nb6 35. Bxa5 Nxa4 36. Kf2 f5 37. Ke3 Nc3 38. Nc5 Kf7 39. Kf3 Nb5 40. e3
Nd6 41. Nb3 Ke6 42. Bb6 Kd5 43. Bd4 Bxd4 44. Nxd4 Ne4 45. g4 fxg4+ 46. Kxg4 Nd2
47. h4 Ke4 48. Nc2 Nf1 49. h5 Kd3 50. hxg6 hxg6 51. Kg5 Nxe3 52. Nb4+ Ke4 53.
Na6 Nd5 54. Nc5+ Ke3 1/2-1/2

[Event "ch-CHN Women 2021"]
[Site "Xinghua CHN"]
[Date "2021.05.08"]
[Round "2.1"]
[White "Gu, Tianlu"]
[Black "Gu, Xiaobing"]
[Result "1-0"]
[WhiteTitle "WIM"]
[BlackTitle "WGM"]
[WhiteElo "2267"]
[BlackElo "2263"]
[WhiteFideId "8603995"]
[BlackFideId "8602611"]
[EventDate "2021.05.07"]

1. e4 c5 2. Nf3 d6 3. d4 cxd4 4. Nxd4 Nf6 5. Nc3 a6 6. h3 e5 7. Nde2 h5 8. g3
Be7 9. a4 Nc6 10. Bg2 Nb4 11. O-O Be6 12. Bg5 Nh7 13. Bxe7 Qxe7 14. Nd5 Nxd5 15.
exd5 Bd7 16. f4 h4 17. Qd3 O-O 18. Rae1 exf4 19. Nd4 Qg5 20. gxf4 Qf6 21. Be4
Qh6 22. Bxh7+ Qxh7 23. Qxh7+ Kxh7 24. Re7 Bxh3 25. Rfe1 Kg6 26. Kf2 Rh8 27. Rxb7
Rae8 28. Rh1 Re4 29. Nf3 Bc8 30. Rg1+ Kf6 31. Rxf7+ Kxf7 32. Ng5+ Ke7 33. Nxe4
Bf5 34. Nd2 Bxc2 35. Rxg7+ Kf6 36. Rg1 Kf5 37. Kf3 h3 38. Rh1 h2 39. Kg3 Rg8+
40. Kxh2 Kxf4 41. Rf1+ Ke3 42. Nc4+ Ke2 43. Rf6 Be4 44. Rxd6 Kf2 45. Rh6 Rg2+
46. Kh3 Bf5+ 47. Kh4 Rg4+ 48. Kh5 Rxc4 49. Rf6 Rxa4 50. Rxf5+ Ke3 51. Kg6 Rb4
52. Kf6 Rxb2 53. d6 Rd2 54. Ke6 Rh2 55. d7 Rh8 56. Ke7 Kd4 57. d8=Q+ 1-0

[Event "ch-CHN Women 2021"]
[Site "Xinghua CHN"]
[Date "2021.05.08"]
[Round "2.2"]
[White "Song, Yuxin"]
[Black "Li, Xueyi"]
[Result "1/2-1/2"]
[WhiteTitle "WIM"]
[BlackTitle "WGM"]
[WhiteElo "2290"]
[BlackElo "2328"]
[WhiteFideId "8614300"]
[BlackFideId "8605912"]
[EventDate "2021.05.07"]

1. e4 c6 2. d4 d5 3. e5 Bf5 4. Nf3 e6 5. Be2 Ne7 6. c3 Nd7 7. O-O c5 8. dxc5 Nc6
9. b4 a5 10. Bb5 Bg4 11. Re1 Be7 12. h3 Bh5 13. g4 Bg6 14. Nd4 Nxd4 15. Qxd4 O-O
16. Nd2 axb4 17. cxb4 f6 18. Bxd7 Qxd7 19. Nf3 Rad8 20. Bf4 Be4 21. Nd2 Bg6 22.
Nf3 Be4 23. Nd2 Bg6 24. Re3 Rf7 25. a3 Rdf8 26. Rf1 Bd8 27. Bg3 Bc7 28. Nf3 Be4
29. Nd2 Bg6 30. exf6 Rxf6 31. Bxc7 Qxc7 32. Qe5 Qxe5 33. Rxe5 Bd3 34. f3 Bxf1
35. Kxf1 Ra8 36. Re3 Kf7 37. Ke2 g5 38. Kf2 Ke7 39. Nf1 Kd7 40. Ng3 Ra6 41. Ne2
Ra8 42. Nd4 Re8 43. Re5 h6 44. a4 Rf4 45. Ke3 Rf6 46. a5 Ra8 1/2-1/2

[Event "ch-CHN Women 2021"]
[Site "Xinghua CHN"]
[Date "2021.05.08"]
[Round "2.3"]
[White "Tan, Zhongyi"]
[Black "Ning, Kaiyu"]
[Result "1-0"]
[WhiteTitle "GM"]
[BlackTitle "WIM"]
[WhiteElo "2510"]
[BlackElo "2327"]
[WhiteFideId "8603642"]
[BlackFideId "8614750"]
[EventDate "2021.05.07"]

1. d4 Nf6 2. c4 e6 3. Nc3 Bb4 4. Bd2 O-O 5. e3 c5 6. Nf3 cxd4 7. exd4 d5 8. cxd5
exd5 9. Be2 Nc6 10. O-O Re8 11. Bg5 Bxc3 12. bxc3 h6 13. Bh4 g5 14. Bg3 Ne4 15.
Rc1 Qa5 16. c4 Qxa2 17. Ne5 Qd2 18. Bh5 Qxd1 19. Bxf7+ Kg7 20. Rcxd1 Nxe5 21.
Bxe8 Nxc4 22. Bh5 Be6 23. Ra1 a5 24. Rfb1 b6 25. Be5+ Kf8 26. f4 Bf7 27. Bg4 Ne3
28. Bf3 Nc2 29. Ra2 Nc3 30. Rxc2 Nxb1 31. Rc7 Re8 32. Rc6 Nd2 33. Bd1 Re6 34.
Rc8+ Re8 35. Rc6 Re6 36. Bd6+ Kg7 37. Bg4 Rxd6 38. Rxd6 Nc4 39. Rd7 Kf6 40.
fxg5+ hxg5 41. Bf3 Be6 42. Ra7 b5 43. Kf2 b4 44. Bd1 Bf5 45. g3 Nb2 46. Bb3 Nd3+
47. Ke3 Nc1 48. Bxd5 b3 49. Rb7 a4 50. Kd2 Na2 51. Rb6+ Kg7 52. Bc6 1-0

[Event "ch-CHN Women 2021"]
[Site "Xinghua CHN"]
[Date "2021.05.08"]
[Round "2.4"]
[White "Xiao, Yiyi"]
[Black "Wang, Yu A."]
[Result "1-0"]
[WhiteTitle "WGM"]
[BlackTitle "IM"]
[WhiteElo "2301"]
[BlackElo "2294"]
[WhiteFideId "8606161"]
[BlackFideId "8601097"]
[EventDate "2021.05.07"]

1. d4 Nf6 2. Bg5 e6 3. e4 h6 4. Bxf6 Qxf6 5. Nc3 Bb4 6. Qd3 c5 7. e5 Qf5 8. Qxf5
exf5 9. O-O-O cxd4 10. Nb5 Kd8 11. Nxd4 Nc6 12. Ngf3 Nxd4 13. Nxd4 g6 14. Bc4
Ke7 15. Nb5 Bc5 16. Rd2 a6 17. Nc7 Ra7 18. Nd5+ Kd8 19. Nf6 Rf8 20. Rhd1 b5 21.
Bb3 Be7 22. Nd5 f6 23. Nf4 fxe5 24. Nxg6 Rf6 25. Nxe5 f4 26. Re2 Bc5 27. Rd5 Bb6
28. a4 Rc7 29. Rd6 1-0

[Event "ch-CHN Women 2021"]
[Site "Xinghua CHN"]
[Date "2021.05.08"]
[Round "2.5"]
[White "Zhai, Mo"]
[Black "Zhu, Jiner"]
[Result "0-1"]
[WhiteTitle "WGM"]
[BlackTitle "WGM"]
[WhiteElo "2366"]
[BlackElo "2459"]
[WhiteFideId "8600201"]
[BlackFideId "8608059"]
[EventDate "2021.05.07"]

1. e4 e5 2. Nf3 Nc6 3. d4 exd4 4. Bc4 Nf6 5. O-O Bc5 6. e5 d5 7. exf6 dxc4 8.
fxg7 Rg8 9. Re1+ Be6 10. Bg5 Qd7 11. Nbd2 Be7 12. Ne4 Rxg7 13. Nf6+ Bxf6 14.
Bxf6 Rg6 15. Bh4 Qd5 16. Bg3 O-O-O 17. Qd2 Rg4 18. h3 Re4 19. Rxe4 Qxe4 20. Re1
Qd5 21. Qf4 Rd7 22. Ne5 Nxe5 23. Rxe5 Qc6 24. Re1 d3 25. c3 Qa4 26. Qd2 Qxa2 27.
Re5 a5 28. Kh2 b6 29. Rh5 Kb7 30. Bf4 a4 31. Rxh7 Rd5 32. Rh8 a3 33. bxa3 Qxd2
34. Bxd2 Rb5 35. h4 Rb2 36. Be3 Kc6 37. h5 d2 38. Rd8 Bd7 39. Bxd2 Rxd2 40. g4
Rxf2+ 41. Kg3 Rf1 42. Rg8 Be6 43. Kg2 Rc1 44. h6 Bd5+ 45. Kf2 Rc2+ 46. Kg1 Rg2+
47. Kf1 Rh2 48. g5 Be4 49. Kg1 Rh5 50. Kf2 Bg6 51. Ke3 Rxg5 52. h7 Re5+ 53. Kf4
Bxh7 54. Kxe5 0-1

[Event "ch-CHN Women 2021"]
[Site "Xinghua CHN"]
[Date "2021.05.08"]
[Round "2.6"]
[White "Yuan, Ye"]
[Black "Ren, Xiaoyi"]
[Result "1-0"]
[BlackTitle "WIM"]
[WhiteElo "2081"]
[BlackElo "2267"]
[WhiteFideId "8608415"]
[BlackFideId "8608709"]
[EventDate "2021.05.07"]

1. d4 Nf6 2. c4 c5 3. d5 b5 4. cxb5 a6 5. bxa6 Bxa6 6. Nc3 d6 7. e4 Bxf1 8. Kxf1
g6 9. g3 Bg7 10. Kg2 O-O 11. Nf3 Na6 12. Qe2 Nc7 13. Rd1 Ra6 14. a4 Qa8 15. Ra3
Nd7 16. Nb5 Nxb5 17. Qxb5 Qa7 18. b3 Rb8 19. Qd3 Rb4 20. Bd2 c4 21. bxc4 Nc5 22.
Qe2 Rb2 23. e5 Rxa4 24. exd6 exd6 25. Qe8+ Bf8 26. Rxa4 Qxa4 27. Re1 Qxe8 28.
Rxe8 f6 29. Bh6 Nd7 30. Rd8 Rb8 31. Rxd7 Bxh6 32. Rxd6 Rb2 33. Rxf6 Rc2 34. d6
Be3 35. d7 1-0

[Event "ch-CHN Women 2021"]
[Site "Xinghua CHN"]
[Date "2021.05.09"]
[Round "3.1"]
[White "Ren, Xiaoyi"]
[Black "Gu, Tianlu"]
[Result "1/2-1/2"]
[WhiteTitle "WIM"]
[BlackTitle "WIM"]
[WhiteElo "2267"]
[BlackElo "2267"]
[WhiteFideId "8608709"]
[BlackFideId "8603995"]
[EventDate "2021.05.07"]

1. c4 e6 2. Nf3 Nf6 3. d4 d5 4. e3 a6 5. Nbd2 c5 6. cxd5 Nxd5 7. Be2 Nc6 8. Nb3
cxd4 9. Nbxd4 Nxd4 10. Nxd4 Bb4+ 11. Bd2 Bxd2+ 12. Qxd2 O-O 13. Bf3 Nf6 14. Nb3
Qe7 15. Rd1 e5 16. Qd6 Qxd6 17. Rxd6 e4 18. Bd1 Be6 19. Kd2 Rfd8 20. Rxd8+ Rxd8+
21. Nd4 Bxa2 22. b3 Bb1 23. Be2 Bd3 24. Bxd3 exd3 25. Kxd3 Rc8 26. Nf5 Rd8+ 27.
Nd4 Rc8 28. Nf5 Rd8+ 29. Nd4 Rc8 1/2-1/2

[Event "ch-CHN Women 2021"]
[Site "Xinghua CHN"]
[Date "2021.05.09"]
[Round "3.2"]
[White "Zhu, Jiner"]
[Black "Yuan, Ye"]
[Result "1-0"]
[WhiteTitle "WGM"]
[WhiteElo "2459"]
[BlackElo "2081"]
[WhiteFideId "8608059"]
[BlackFideId "8608415"]
[EventDate "2021.05.07"]

1. e4 e6 2. d4 d5 3. Nc3 dxe4 4. Nxe4 Nd7 5. Nf3 Ngf6 6. Bd3 Nxe4 7. Bxe4 Nf6 8.
Bg5 Qd6 9. Bd3 Qb4+ 10. Bd2 Qxb2 11. O-O Be7 12. c4 Qa3 13. Qe2 Qd6 14. Rad1 O-O
15. Ne5 c6 16. Bf4 Qd8 17. Bb1 Bd7 18. Rd3 Re8 19. Rh3 g6 20. Bg5 Nh5 21. Nxf7
Kxf7 22. Rxh5 Bxg5 23. Rxh7+ Kg8 24. Qe4 Qf6 25. Rxd7 Red8 26. Rxb7 Rxd4 27.
Qxg6+ Qxg6 28. Bxg6 Rf8 29. Rxa7 Rxc4 30. a4 e5 31. h3 Bd2 32. Re7 Rxa4 33. Rxe5
Bc3 34. Re8 Bd4 35. Rxf8+ Kxf8 36. Kh2 Kg7 37. Be8 Ra2 38. f4 c5 39. Bb5 Rb2 40.
Bd3 Rb3 41. Be4 Rb2 42. h4 c4 43. Rd1 Be3 44. Kg3 Bd2 45. Ra1 c3 46. Ra7+ Kf8
47. Rc7 Be1+ 48. Kg4 Re2 49. Bf3 Rb2 50. h5 Bd2 51. h6 Kg8 52. Rc8+ Kh7 53. Be4+
Kxh6 54. Rc7 1-0

[Event "ch-CHN Women 2021"]
[Site "Xinghua CHN"]
[Date "2021.05.09"]
[Round "3.3"]
[White "Wang, Yu A."]
[Black "Zhai, Mo"]
[Result "1/2-1/2"]
[WhiteTitle "IM"]
[BlackTitle "WGM"]
[WhiteElo "2294"]
[BlackElo "2366"]
[WhiteFideId "8601097"]
[BlackFideId "8600201"]
[EventDate "2021.05.07"]

1. e4 c6 2. Nf3 d5 3. Nc3 dxe4 4. Nxe4 Nf6 5. Nxf6+ exf6 6. Bc4 Bd6 7. Qe2+ Qe7
8. Qxe7+ Kxe7 9. d4 Re8 10. O-O Be6 11. Re1 Kf8 12. Bd3 Nd7 13. Bd2 h5 14. c4 c5
15. dxc5 Nxc5 16. Bf1 Bg4 17. Nd4 Be5 18. Be3 Ne6 19. Nxe6+ Bxe6 20. Rad1 a5 21.
Bd4 Bxd4 22. Rxd4 Red8 23. Red1 Ke7 24. f3 Rxd4 25. Rxd4 Ra6 26. Kf2 Rb6 27. b3
Rb4 28. Ke3 a4 29. c5 Rxd4 30. Kxd4 axb3 31. axb3 Bxb3 32. Bd3 Ba4 33. g3 Bc6
34. f4 h4 35. gxh4 Ke6 36. Bc4+ Kf5 37. Ke3 Kg6 38. h5+ Kxh5 39. Bxf7+ Kh4 40.
Be6 g5 41. fxg5 fxg5 42. Bc8 g4 43. Kf4 Bf3 44. Bd7 Be2 45. c6 bxc6 46. Bxc6 Kh3
47. Bd7 Kxh2 48. Ke4 1/2-1/2

[Event "ch-CHN Women 2021"]
[Site "Xinghua CHN"]
[Date "2021.05.09"]
[Round "3.4"]
[White "Ning, Kaiyu"]
[Black "Xiao, Yiyi"]
[Result "1-0"]
[WhiteTitle "WIM"]
[BlackTitle "WGM"]
[WhiteElo "2327"]
[BlackElo "2301"]
[WhiteFideId "8614750"]
[BlackFideId "8606161"]
[EventDate "2021.05.07"]

1. d4 Nf6 2. c4 b6 3. f3 Nc6 4. Nc3 e5 5. d5 Ne7 6. e4 Ng6 7. Be3 Bc5 8. Qd2 d6
9. g3 Bd7 10. Bd3 a6 11. Nge2 Rb8 12. a3 h6 13. b4 Bxe3 14. Qxe3 Nh5 15. c5 bxc5
16. bxc5 O-O 17. Bxa6 dxc5 18. O-O Bh3 19. Rfb1 Qf6 20. Bc4 Rfe8 21. Kh1 Bd7 22.
Ng1 Qe7 23. Nb5 Rb7 24. a4 Reb8 25. Rc1 c6 26. dxc6 Bxc6 27. Bf1 Bxb5 28. Bxb5
Rc7 29. Ne2 Nf6 30. Nc3 Nf8 31. Nd5 Nxd5 32. exd5 Qd6 33. Qd3 Ng6 34. a5 Ne7 35.
Bc4 Ra7 36. Re1 Rb4 37. a6 Nc8 38. f4 f6 39. fxe5 fxe5 40. Qf5 Ne7 41. Qe4 Kh8
42. Rab1 Rxb1 43. Rxb1 Ng8 44. Qf5 Nf6 45. Qe6 Ne4 46. Qc8+ Kh7 47. Qf5+ 1-0

[Event "ch-CHN Women 2021"]
[Site "Xinghua CHN"]
[Date "2021.05.09"]
[Round "3.5"]
[White "Li, Xueyi"]
[Black "Tan, Zhongyi"]
[Result "0-1"]
[WhiteTitle "WGM"]
[BlackTitle "GM"]
[WhiteElo "2328"]
[BlackElo "2510"]
[WhiteFideId "8605912"]
[BlackFideId "8603642"]
[EventDate "2021.05.07"]

1. d4 d5 2. Nf3 Nf6 3. g3 Bf5 4. Bg2 e6 5. c4 c6 6. Nc3 h6 7. Qb3 Qb6 8. c5 Qxb3
9. axb3 Na6 10. Ra4 Nd7 11. O-O Be7 12. h4 e5 13. Be3 e4 14. Nd2 Nc7 15. b4 a6
16. Nb3 g5 17. Na5 O-O-O 18. hxg5 hxg5 19. Raa1 Be6 20. f3 f5 21. Bd2 Rdg8 22.
Kf2 Bf6 23. e3 exf3 24. Bxf3 f4 25. gxf4 Rh2+ 26. Ke1 g4 27. Be2 Bf5 28. Rg1
Bh4+ 29. Kd1 Bf2 0-1

[Event "ch-CHN Women 2021"]
[Site "Xinghua CHN"]
[Date "2021.05.09"]
[Round "3.6"]
[White "Gu, Xiaobing"]
[Black "Song, Yuxin"]
[Result "0-1"]
[WhiteTitle "WGM"]
[BlackTitle "WIM"]
[WhiteElo "2263"]
[BlackElo "2290"]
[WhiteFideId "8602611"]
[BlackFideId "8614300"]
[EventDate "2021.05.07"]

1. e4 c5 2. Nf3 d6 3. d4 cxd4 4. Nxd4 Nf6 5. Nc3 a6 6. Qd3 Nbd7 7. Be2 Nc5 8.
Qe3 e5 9. Nb3 Be6 10. Nxc5 dxc5 11. O-O Qd4 12. Qg3 Nxe4 13. Nxe4 Qxe4 14. Bf3
Qb4 15. Qxe5 O-O-O 16. Be3 Bd6 17. Qxg7 Rhg8 18. Qc3 Qxc3 19. bxc3 Bg4 20. Bxg4+
Rxg4 21. Rfd1 Ra4 22. g3 Be7 23. Rxd8+ Kxd8 24. Rd1+ Ke8 25. Rd5 Rxa2 26. Bxc5
Ra5 0-1

[Event "ch-CHN Women 2021"]
[Site "Xinghua CHN"]
[Date "2021.05.09"]
[Round "4.2"]
[White "Tan, Zhongyi"]
[Black "Gu, Xiaobing"]
[Result "0-1"]
[WhiteTitle "GM"]
[BlackTitle "WGM"]
[WhiteElo "2510"]
[BlackElo "2263"]
[WhiteFideId "8603642"]
[BlackFideId "8602611"]
[EventDate "2021.05.07"]

1. e4 c5 2. Nf3 d6 3. d4 cxd4 4. Nxd4 Nf6 5. Nc3 a6 6. h3 e5 7. Nde2 h5 8. Nd5
Nxd5 9. Qxd5 Qc7 10. Nc3 Be6 11. Qd1 Nd7 12. Be2 h4 13. Bg5 Nb6 14. Qd2 Be7 15.
Bxe7 Qxe7 16. O-O-O Rd8 17. f4 f6 18. b3 O-O 19. f5 Bf7 20. Bf3 Rd7 21. Qe3 Rc8
22. Rd3 Rdc7 23. Qxb6 Rxc3 24. Rxc3 Rxc3 25. Rd1 Rc6 26. Qa5 Rc5 27. Qb6 Rc6 28.
Qf2 Qc7 29. Rd3 b5 30. Bd1 Rc3 31. Qd2 Rxd3 32. Qxd3 Qc5 33. Bf3 a5 34. Be2 b4
35. Kb2 d5 36. Bf3 d4 37. Be2 Kh7 38. Kc1 Qc3 39. Qb5 Qe3+ 40. Kb1 Qxe4 41. Bc4
Bxc4 42. bxc4 d3 43. cxd3 Qxd3+ 44. Kb2 Qc3+ 45. Kb1 Qe1+ 46. Kc2 Qf2+ 47. Kd3
Qg3+ 48. Ke2 Qxg2+ 49. Ke1 Qxa2 50. Qd5 Qb1+ 51. Ke2 b3 52. Qf7 Qxf5 53. Qb7
Qc2+ 54. Ke1 b2 0-1

[Event "ch-CHN Women 2021"]
[Site "Xinghua CHN"]
[Date "2021.05.09"]
[Round "4.3"]
[White "Xiao, Yiyi"]
[Black "Li, Xueyi"]
[Result "1-0"]
[WhiteTitle "WGM"]
[BlackTitle "WGM"]
[WhiteElo "2301"]
[BlackElo "2328"]
[WhiteFideId "8606161"]
[BlackFideId "8605912"]
[EventDate "2021.05.07"]

1. d4 d5 2. Nf3 Nf6 3. c3 g6 4. Bf4 Bg7 5. e3 O-O 6. Nbd2 b6 7. h3 c5 8. Be2 Nc6
9. O-O Bb7 10. a4 Ne4 11. Qc2 Nxd2 12. Qxd2 Na5 13. Qc2 Rc8 14. Rad1 cxd4 15.
exd4 Nc4 16. Rfe1 Bc6 17. h4 Bd7 18. h5 Bf5 19. Qc1 gxh5 20. Bd3 Bg6 21. Bg5 Re8
22. Ne5 Nxe5 23. dxe5 Qc7 24. e6 Rf8 25. Qe3 Qc5 26. Qxc5 bxc5 27. Bxe7 Rfe8 28.
Ba6 Rb8 29. exf7+ Kxf7 30. Bxc5 Rxe1+ 31. Rxe1 Rxb2 32. Re7+ Kg8 33. Bc8 Bf7 34.
Bd4 Bxd4 35. cxd4 a5 36. Ra7 Rb4 37. Rxa5 Rxd4 38. Ra8 Kg7 39. a5 Rd1+ 40. Kh2
d4 41. a6 d3 42. Bb7 Ra1 43. Rd8 Bc4 44. Rd6 d2 45. Rxd2 Bxa6 46. Rd7+ Kf6 47.
Rd6+ Kg5 48. Rxa6 1-0